|
|
|
|
| LEADER |
00000nab a2200000 a 4500 |
| 001 |
vtls000197976 |
| 003 |
SK-MaSNL |
| 005 |
20260304075318.0 |
| 008 |
250423c1984 xo 0 slo |
| 015 |
|
|
|a SNBRB19rr/mm-uuuuu
|
| 035 |
|
|
|a CL0208089
|
| 035 |
|
|
|a urn:nbn:sk:snk-abekwk
|
| 035 |
|
|
|a (urnnbn)urn:nbn:sk:snk:ar-006xcq
|
| 035 |
|
|
|a (uuid)2aec7c78-852b-438a-be32-ddedc0b06bba
|
| 040 |
|
|
|a SNKBUCL
|b slo
|c SNKBUCL
|e AACR2
|
| 041 |
0 |
|
|a slo
|
| 044 |
|
|
|a xo
|c SK
|
| 080 |
|
|
|a 639.2
|2 1981
|
| 100 |
1 |
|
|a Pichler, Július
|4 aut
|9 880720
|
| 245 |
1 |
0 |
|a Dunajec
|b Kam za rybami
|c Július Pichler
|
| 300 |
|
|
|b Obr. 2.
|
| 500 |
|
|
|a /Pokračovanie/.
|
| 650 |
0 |
7 |
|a rybárstvo
|2 snkbucl
|9 2776
|
| 650 |
0 |
7 |
|a športový rybolov
|2 snkbucl
|9 2839
|
| 651 |
|
7 |
|a Dunajec (Poľsko a Slovensko : rieka)
|2 snkbucl
|9 31516
|
| 655 |
|
7 |
|a články z novín a časopisov
|2 snkbucl
|9 267496
|
| 773 |
0 |
|
|t Poľovníctvo a rybárstvo
|g Roč. 36, č. 11 (1984), s. 25
|
| 850 |
|
|
|a Slovenská národná knižnica
|
| 852 |
|
|
|a Slovenská národná knižnica
|
| 954 |
|
|
|a odborná, vedecká literatúra pôvodná (slovenská)
|2 lita
|
| 958 |
|
|
|a article27
|
| 958 |
|
|
|a RK
|
| 958 |
|
|
|a OND
|
| 958 |
|
|
|a EUIPO
|
| 992 |
|
|
|a RBX
|
| 999 |
|
|
|c 2780721
|d 2782651
|